Sports Quiz

Random Sports Quiz

Running Shoes!! Quiz Stats

 Plays Quiz not verified by Sporcle

Score 0/10 Timer 06:00
0 Plays Today
% Correct
Nike
98.5%
Adidas
93.2%
Asics
84.8%
New Balance
73.5%
Brooks
72.7%
Saucony
72.7%
Mizuno
56.8%
Puma
47.7%
Newton
28.8%
Spira
0.8%

You're not logged in!

Compare scores with friends on all Sporcle quizzes.
OR
Log In

Show Comments

Extras

Created Nov 4, 2010ReportNominate
Tags:running, shoe

Top Quizzes Today


Score Distribution

Your Account Isn't Verified!

In order to create a playlist on Sporcle, you need to verify the email address you used during registration. Go to your Sporcle Settings to finish the process.

Report this User

Report this user for behavior that violates our Community Guidelines.

Details: